000 00470pab a2200181 454500
008 180718b2010 xxu||||| |||| 00| 0 eng d
100 _aMaiti, Dibyendu
245 _aThe informal sector in South Asia: Introduction
260 _c2010
300 _ap.195-198.
362 _aApr-Jun
650 _aInformal sector - South Asia
650 _aInformal sector
700 _aSen, Kunal
773 _aIndian Journal of Labour Economics
908 _aN
909 _a90283
999 _c90283
_d90283